| 000 | 00699npc a2200217Ia 4500 | ||
|---|---|---|---|
| 001 | dg61-29021 [d000003468] | ||
| 003 | IT-MiCISF | ||
| 008 | 161014s9999||||xx | und|| | ||
| 040 |
_aIT-MiCISF _cIT-MiCISF |
||
| 041 | _aen | ||
| 100 | _aAA.VV. | ||
| 240 | _aChildren Living in a World with Aids | ||
| 245 | 0 |
_aChildren Living in a World with Aids _bGuidelines for Children's Participation in HIV (Aids) Programmes |
|
| 250 | _a1a ed. | ||
| 260 |
_a Geneva (Switzerland) _bUnaids _c1998 |
||
| 300 | _app. 20 | ||
| 500 | _aCainn-Children and Aids International NGO Network / aids, infanzia, cura, progetto / | ||
| 650 | _asalute-cura | ||
| 942 | _cDD | ||
| 957 | _71 | ||
| 999 |
_a29021 _bsi _g1 _c207324 _d207324 |
||